[Event "Chess House GM 2018"]
[Site "Aarhus"]
[Date "2018.09.09"]
[Round "2"]
[White "Gritsak, Orest"]
[Black "Pajeken, Jakob Leon"]
[Result "1/2-1/2"]
[WhiteElo "2450"]
[BlackElo "2337"]
[PlyCount "57"]
[EventType "tourn"]
[EventRounds "9"]
[EventCountry "DEN"]

1. d4 Nf6 2. Nf3 d5 3. c4 e6 4. g3 dxc4 5. Bg2 Bd7 6. Ne5 Bc6 7. Nxc6 Nxc6 8.
O-O Qd7 9. e3 Rd8 10. Qe2 e5 11. Nc3 Be7 12. Qxc4 exd4 13. Bxc6 Qxc6 14. Qxc6+
bxc6 15. exd4 Rxd4 16. Be3 Rb4 17. b3 a6 18. Rac1 Kd7 19. Rfd1+ Bd6 20. Bd4 Re8
21. Bxf6 gxf6 22. Rc2 f5 23. f4 Kc8 24. Kf1 Kb7 25. Ne2 Rb5 26. Nc3 Rb4 27. Ne2
Rb5 28. Nc3 Rb4 29. Ne2 1/2-1/2

[Event "Chess House GM 2018"]
[Site "Aarhus"]
[Date "2018.09.09"]
[Round "2"]
[White "Grove, Peter"]
[Black "Antonsen, Mikkel"]
[Result "0-1"]
[WhiteElo "2206"]
[BlackElo "2434"]
[PlyCount "38"]
[EventType "tourn"]
[EventRounds "9"]
[EventCountry "DEN"]

1. Nf3 d5 2. g3 Nf6 3. Bg2 e6 4. O-O Be7 5. c4 O-O 6. d4 dxc4 7. Qc2 a6 8. a4
Bd7 9. Nc3 Nc6 10. e4 b5 11. Qe2 Na5 12. axb5 axb5 13. Bg5 b4 14. Nb1 Bb5 15.
Rd1 Nb3 16. Rxa8 Qxa8 17. Nbd2 Nxd2 18. Nxd2 Qa4 19. Qe1 c3 0-1

[Event "Chess House GM 2018"]
[Site "Aarhus"]
[Date "2018.09.09"]
[Round "2"]
[White "Kotronias, Vasilios"]
[Black "Chatalbashev, Boris"]
[Result "1-0"]
[WhiteElo "2505"]
[BlackElo "2546"]
[PlyCount "87"]
[EventType "tourn"]
[EventRounds "9"]
[EventCountry "DEN"]

1. e4 g6 2. d4 Bg7 3. Nc3 d5 4. exd5 Nf6 5. Bc4 Nbd7 6. Bb3 Nb6 7. Qf3 Bg4 8.
Qg3 Bf5 9. Nf3 a5 10. a4 Nbxd5 11. Nxd5 Nxd5 12. O-O O-O 13. c3 c6 14. Re1 Qb6
15. Bc4 Rae8 16. Re2 Nf6 17. Bg5 Ne4 18. Qh4 Nd6 19. Ba2 Bd3 20. Rd2 Ba6 21.
Ne5 Qc7 22. Re1 h6 23. Be3 Nf5 24. Qf4 Qd6 25. Rdd1 e6 26. Bc1 Rd8 27. Qf3 Qc7
28. g3 c5 29. Bf4 g5 30. Nxf7 gxf4 31. Nxd8 Qxd8 32. Bxe6+ Kh8 33. Bxf5 Rxf5
34. dxc5 Qf8 35. Rd5 Rf7 36. Qd1 Bf6 37. Rd6 Bc4 38. b3 fxg3 39. hxg3 Ba6 40.
Ree6 Kh7 41. c4 b6 42. Qe2 Bb7 43. Re8 Re7 44. Rxe7+ 1-0

[Event "Chess House GM 2018"]
[Site "Aarhus"]
[Date "2018.09.09"]
[Round "2"]
[White "Boe Olsen, Filip"]
[Black "Matthiesen, Martin"]
[Result "1-0"]
[WhiteElo "2354"]
[BlackElo "2275"]
[PlyCount "59"]
[EventType "tourn"]
[EventRounds "9"]
[EventCountry "DEN"]

1. d4 Nf6 2. c4 g6 3. Nc3 Bg7 4. e4 d6 5. Nf3 O-O 6. h3 e5 7. d5 Nh5 8. g3 f5
9. exf5 gxf5 10. Nh4 Nf4 11. Bd2 Bd7 12. Qc2 Na6 13. a3 Ng6 14. Nxg6 hxg6 15.
O-O-O Qe8 16. f3 Nc5 17. Be3 b6 18. Be2 a5 19. g4 e4 20. f4 Qe7 21. g5 Be8 22.
h4 Bf7 23. Nb5 a4 24. Nd4 Nd3+ 25. Kb1 b5 26. h5 Rfb8 27. h6 bxc4 28. hxg7
Rxb2+ 29. Qxb2 Nxb2 30. Nc6 1-0

[Event "Chess House GM 2018"]
[Site "Aarhus"]
[Date "2018.09.09"]
[Round "2"]
[White "Zumsande, Martin"]
[Black "Skytte, Rasmus"]
[Result "1/2-1/2"]
[WhiteElo "2458"]
[BlackElo "2372"]
[PlyCount "74"]
[EventType "tourn"]
[EventRounds "9"]
[EventCountry "DEN"]

1. e4 c5 2. c3 Nf6 3. e5 Nd5 4. d4 cxd4 5. cxd4 d6 6. Bc4 e6 7. Nf3 Nc6 8. O-O
Be7 9. Re1 O-O 10. exd6 Qxd6 11. Nc3 b6 12. Ng5 Ncb4 13. Qh5 Nf6 14. Qf3 Bd7
15. Rd1 h6 16. Nge4 Nxe4 17. Qxe4 Bc6 18. Qg4 Kh8 19. Bf4 Qd8 20. Rac1 Bf6 21.
Be5 Bb7 22. Ne4 Bxe4 23. Qxe4 Bg5 24. f4 Bf6 25. f5 exf5 26. Qxf5 Bxe5 27. Qxe5
Nc6 28. Qe4 Ne7 29. Bd3 f5 30. Qe5 Ng6 31. Qe3 Qd6 32. Qf2 Rad8 33. Bb5 Ne7 34.
a3 f4 35. d5 Nf5 36. Rc6 Qe5 37. Bc4 Ne3 1/2-1/2

[Event "Chess House GM 2018"]
[Site "Aarhus"]
[Date "2018.09.10"]
[Round "3"]
[White "Antonsen, Mikkel"]
[Black "Gritsak, Orest"]
[Result "0-1"]
[WhiteElo "2434"]
[BlackElo "2450"]
[PlyCount "88"]
[EventType "tourn"]
[EventRounds "9"]
[EventCountry "DEN"]

1. d4 e6 2. c4 b6 3. e4 Bb7 4. Bd3 Nc6 5. Ne2 Nb4 6. Nbc3 Nxd3+ 7. Qxd3 Ne7 8.
d5 Ng6 9. f4 Bc5 10. Bd2 Qh4+ 11. g3 Qh3 12. O-O-O O-O-O 13. Kb1 f5 14. e5 d6
15. exd6 Bxd6 16. Nd4 exd5 17. cxd5 Ne7 18. Ne6 Rd7 19. Qd4 Nxd5 20. Nxd5 Bc5
21. Nxc5 bxc5 22. Qa4 Bxd5 23. Rhe1 Rhd8 24. Rc1 Qxh2 25. Bc3 Qxg3 26. Be5 c4
27. Ka1 Qf2 28. Red1 Qb6 29. Qa3 a6 30. Qh3 g6 31. Qc3 Be6 32. Rxd7 Rxd7 33.
Qa3 Kb7 34. Re1 Bd5 35. Qf8 Be4 36. Rc1 Qb5 37. Qe8 Bc6 38. Qf8 Qa4 39. a3 Rd1
40. Rxd1 Qxd1+ 41. Ka2 Qb3+ 42. Ka1 Bd5 43. Qb4+ Qxb4 44. axb4 Be4 0-1

[Event "Chess House GM 2018"]
[Site "Aarhus"]
[Date "2018.09.10"]
[Round "3"]
[White "Chatalbashev, Boris"]
[Black "Boe Olsen, Filip"]
[Result "1/2-1/2"]
[WhiteElo "2546"]
[BlackElo "2354"]
[PlyCount "108"]
[EventType "tourn"]
[EventRounds "9"]
[EventCountry "DEN"]

1. g3 d5 2. Bg2 Nf6 3. d3 c6 4. Nf3 Bf5 5. O-O e6 6. c4 dxc4 7. dxc4 Qxd1 8.
Rxd1 Nbd7 9. Nc3 h6 10. Be3 Be7 11. Nd4 Bg6 12. Nb3 Bc2 13. Rdc1 Bxb3 14. axb3
Nc5 15. Bxc5 Bxc5 16. Na4 Be7 17. c5 O-O 18. b4 Nd5 19. Bxd5 exd5 20. Nc3 Bf6
21. Rd1 Rfe8 22. e3 a6 23. Rd2 Rad8 24. Rad1 g6 25. g4 Ra8 26. Ra1 Rad8 27. Kg2
Kg7 28. h3 Re5 29. Rad1 Rde8 30. Kg3 h5 31. Rd3 R5e6 32. gxh5 gxh5 33. Rg1 Kh6
34. Kf3 Re4 35. Ne2 Rxb4 36. Ng3 Re5 37. Rd4 Rxb2 38. Rf4 Re6 39. Nf5+ Kh7 40.
Nd6 Bg7 41. Rg5 a5 42. Nf5 Bh6 43. Rxh5 Rb4 44. Rg4 Rf6 45. Rg7+ Kh8 46. Rg4
Kh7 47. Kg3 Re4 48. f3 Re5 49. e4 dxe4 50. fxe4 Rxc5 51. Rg7+ Kh8 52. Rg4 Kh7
53. Rg7+ Kh8 54. Rg4 Kh7 1/2-1/2

[Event "Chess House GM 2018"]
[Site "Aarhus"]
[Date "2018.09.10"]
[Round "3"]
[White "Matthiesen, Martin"]
[Black "Zumsande, Martin"]
[Result "0-1"]
[WhiteElo "2275"]
[BlackElo "2458"]
[PlyCount "100"]
[EventType "tourn"]
[EventRounds "9"]
[EventCountry "DEN"]

1. d4 e6 2. c4 d5 3. Nc3 Be7 4. cxd5 exd5 5. Bf4 Nf6 6. e3 Bf5 7. Nge2 O-O 8.
h3 Bg6 9. g4 Na6 10. Bg2 c6 11. O-O Re8 12. Bh2 Bd6 13. Bxd6 Qxd6 14. Nf4 Nc7
15. Rc1 Ne6 16. Nxg6 hxg6 17. f4 Nc7 18. g5 Nh5 19. Qf3 Re7 20. Rce1 Rae8 21.
Re2 f5 22. Rd1 Qb4 23. Bf1 Ne6 24. Kh1 Nd8 25. Rd3 Nf7 26. Red2 Nd6 27. Rc2 Ne4
28. Kh2 Nhg3 29. Bg2 Qc4 30. Qd1 Qa6 31. Nxe4 Nxe4 32. Rb3 Nd6 33. Bf1 Qa5 34.
Qc1 Re6 35. Kg2 R8e7 36. Ra3 Qd8 37. Rcc3 a6 38. Rab3 Qe8 39. Ra3 Kf7 40. Rcb3
Qh8 41. Qe1 Nc4 42. Bxc4 dxc4 43. Rc3 Qd8 44. Qc1 b5 45. b4 c5 46. dxc5 Rd7 47.
Qf1 Rd1 48. Qf3 Qd2+ 49. Qf2 Qd5+ 50. Kg3 Qh1 0-1

[Event "Chess House GM 2018"]
[Site "Aarhus"]
[Date "2018.09.10"]
[Round "3"]
[White "Pajeken, Jakob Leon"]
[Black "Kotronias, Vasilios"]
[Result "0-1"]
[WhiteElo "2337"]
[BlackElo "2505"]
[PlyCount "66"]
[EventType "tourn"]
[EventRounds "9"]
[EventCountry "DEN"]

1. d4 Nf6 2. Nc3 d5 3. Bf4 g6 4. Qd2 c6 5. f3 b5 6. a3 Nbd7 7. e4 Nb6 8. e5 Nh5
9. Be3 a5 10. a4 b4 11. Nd1 f6 12. exf6 exf6 13. b3 Bd6 14. g4 Ng7 15. Nf2 f5
16. O-O-O O-O 17. Bg5 Qc7 18. Ne2 c5 19. dxc5 Bxc5 20. Nd4 Bxd4 21. Qxd4 Ne6
22. Qd2 Nxg5 23. Qxg5 Qc3 24. Rd3 Qa1+ 25. Kd2 Ba6 26. Bh3 Qg7 27. Re3 Qd4+ 28.
Nd3 f4 29. Re6 Bxd3 30. cxd3 Qc3+ 31. Kd1 Qxd3+ 32. Ke1 Rae8 33. Qe5 Qc3+ 0-1

[Event "Chess House GM 2018"]
[Site "Aarhus"]
[Date "2018.09.10"]
[Round "3"]
[White "Skytte, Rasmus"]
[Black "Grove, Peter"]
[Result "1/2-1/2"]
[WhiteElo "2372"]
[BlackElo "2206"]
[PlyCount "82"]
[EventType "tourn"]
[EventRounds "9"]
[EventCountry "DEN"]

1. d4 Nf6 2. Bg5 c5 3. d5 Ne4 4. Bf4 Qb6 5. Nd2 Qxb2 6. Nxe4 Qb4+ 7. Qd2 Qxe4
8. e3 Qa4 9. Be5 d6 10. Bb2 Bf5 11. Bd3 Bxd3 12. cxd3 Nd7 13. Ne2 Nf6 14. O-O
Qd7 15. d4 cxd4 16. Bxd4 g6 17. Bxf6 exf6 18. Rab1 Bg7 19. Qb4 O-O 20. Qxb7 Qa4
21. Nc3 Qa5 22. Ne4 f5 23. Nxd6 Rad8 24. Qc6 Qxa2 25. Rb7 Be5 26. Nxf7 Rxf7 27.
Rxf7 Kxf7 28. Qe6+ Kf8 29. Qxe5 Qxd5 30. Qh8+ Qg8 31. Qf6+ Ke8 32. Qc6+ Kf8 33.
Qf6+ Ke8 34. Qc6+ Kf8 35. Qc5+ Kg7 36. Qe7+ Kh6 37. Qh4+ Kg7 38. Qe7+ Kh6 39.
Qxa7 Qd5 40. h4 Qe4 41. Qc7 Qxh4 1/2-1/2

[Event "Chess House GM 2018"]
[Site "Aarhus"]
[Date "2018.09.11"]
[Round "4"]
[White "Gritsak, Orest"]
[Black "Skytte, Rasmus"]
[Result "1-0"]
[WhiteElo "2450"]
[BlackElo "2372"]
[PlyCount "51"]
[EventType "tourn"]
[EventRounds "9"]
[EventCountry "DEN"]

1. c4 c6 2. d4 d5 3. cxd5 cxd5 4. Nc3 Nc6 5. Nf3 Nf6 6. Bf4 a6 7. e3 Bg4 8. h3
Bh5 9. g4 Bg6 10. Qb3 e6 11. Qxb7 Na5 12. Qc7 Qxc7 13. Bxc7 Bb4 14. Ne5 O-O 15.
f3 Rfc8 16. Bxa5 Bxa5 17. Rc1 Bc7 18. h4 h5 19. Nxg6 fxg6 20. g5 Ne8 21. Bd3
Rab8 22. Na4 Bg3+ 23. Kd2 Nd6 24. Rxc8+ Rxc8 25. f4 Rf8 26. Nc3 1-0

[Event "Chess House GM 2018"]
[Site "Aarhus"]
[Date "2018.09.11"]
[Round "4"]
[White "Grove, Peter"]
[Black "Matthiesen, Martin"]
[Result "0-1"]
[WhiteElo "2206"]
[BlackElo "2275"]
[PlyCount "144"]
[EventType "tourn"]
[EventRounds "9"]
[EventCountry "DEN"]

1. d4 Nf6 2. c4 g6 3. Nc3 Bg7 4. e4 d6 5. Nf3 O-O 6. Be2 e5 7. O-O Nc6 8. dxe5
dxe5 9. Bg5 Bg4 10. Qxd8 Nxd8 11. Bxf6 Bxf6 12. Nd5 Bxf3 13. Bxf3 Bg5 14. Nxc7
Rc8 15. Nb5 Rxc4 16. Nxa7 Rb4 17. a4 Ne6 18. Nb5 Ra8 19. Nc3 Rxb2 20. Rfb1
Rxb1+ 21. Nxb1 Nc5 22. Nc3 Bd2 23. Nb5 Rxa4 24. Rxa4 Nxa4 25. Nd6 Nc5 26. Be2
Kf8 27. Bc4 Ke7 28. Nxf7 b5 29. Nxe5 bxc4 30. Nxc4 Bc3 31. f3 Bd4+ 32. Kh1 Kf6
33. g3 Nd3 34. f4 Nf2+ 35. Kg2 Nxe4 36. Kf3 Nc3 37. Nd6 Bc5 38. Nc4 Bg1 39. h3
Ba7 40. Ne5 Nd5 41. Nc4 Bb8 42. Nd2 Kf5 43. Ne4 h6 44. h4 h5 45. Nc5 Nf6 46.
Nb3 Ba7 47. Nd2 Bb6 48. Nc4 Bc5 49. Ne5 Ng4 50. Nd3 Bd4 51. Nb4 Nh6 52. Nc6 Bf6
53. Nb4 Ke6 54. Nd3 Nf5 55. Ne1 Kd5 56. Ng2 Nd4+ 57. Ke3 Bd8 58. Kf2 Ke4 59. g4
Bc7 60. Kg3 Bb8 61. gxh5 gxh5 62. Kh3 Bxf4 63. Ne1 Bd2 64. Ng2 Kf3 65. Kh2 Kg4
66. Kg1 Kg3 67. Kh1 Nc2 68. Kg1 Kf3 69. Kh2 Be1 70. Kg1 Bg3 71. Kh1 Nd4 72. Kg1
Nf5 0-1

[Event "Chess House GM 2018"]
[Site "Aarhus"]
[Date "2018.09.11"]
[Round "4"]
[White "Kotronias, Vasilios"]
[Black "Boe Olsen, Filip"]
[Result "1-0"]
[WhiteElo "2505"]
[BlackElo "2354"]
[PlyCount "129"]
[EventType "tourn"]
[EventRounds "9"]
[EventCountry "DEN"]

1. e4 c6 2. d4 d5 3. exd5 cxd5 4. Bd3 Nc6 5. c3 Nf6 6. Bf4 Bg4 7. Qb3 Qd7 8.
Nd2 e6 9. Ngf3 Bd6 10. Bxd6 Qxd6 11. O-O O-O 12. Rae1 Ne7 13. Ne5 Bf5 14. Bxf5
Nxf5 15. g4 Ne7 16. f4 Rab8 17. Qb5 a6 18. Qd3 b5 19. a3 a5 20. f5 exf5 21.
gxf5 b4 22. cxb4 axb4 23. a4 Ra8 24. Re2 Rxa4 25. Rg2 Ra7 26. Qg3 g6 27. fxg6
fxg6 28. Rgf2 Raa8 29. Qg5 Ne4 30. Nxe4 dxe4 31. Nf7 Qe6 32. Nh6+ Kg7 33. Rf7+
Rxf7 34. Rxf7+ Qxf7 35. Nxf7 Kxf7 36. Qf4+ Nf5 37. Qxe4 Rd8 38. Qb7+ Kf6 39.
Qxb4 Rxd4 40. Qc3 Kg5 41. b4 Rg4+ 42. Kh1 Nd4 43. Qc5+ Kh6 44. Qf8+ Kg5 45.
Qd8+ Kh5 46. h3 Rf4 47. Qc7 Kg5 48. Qe5+ Nf5 49. Qc5 Kh4 50. Kg2 Nd4 51. Qe7+
Kh5 52. Qxh7+ Kg5 53. Qe7+ Kh5 54. Qe5+ g5 55. Qg7 Nf5 56. Qh7+ Nh6 57. b5 Rf7
58. Qh8 Rb7 59. Qc8 Rb6 60. Qc5 Rb8 61. b6 Nf5 62. Qc7 Rf8 63. Qh7+ Nh6 64. b7
Re8 65. Qc7 1-0

[Event "Chess House GM 2018"]
[Site "Aarhus"]
[Date "2018.09.11"]
[Round "4"]
[White "Zumsande, Martin"]
[Black "Chatalbashev, Boris"]
[Result "1-0"]
[WhiteElo "2458"]
[BlackElo "2546"]
[PlyCount "83"]
[EventType "tourn"]
[EventRounds "9"]
[EventCountry "DEN"]

1. e4 g6 2. d4 Bg7 3. Nc3 d6 4. f4 Nf6 5. Nf3 O-O 6. e5 Nfd7 7. Bc4 Nb6 8. Bb3
Nc6 9. a4 Na5 10. Ba2 dxe5 11. fxe5 c5 12. d5 Bg4 13. Bf4 Nd7 14. Qe2 Bxf3 15.
gxf3 Qb8 16. O-O-O Nxe5 17. Bg3 c4 18. Rhe1 f6 19. f4 Nf7 20. f5 Ne5 21. fxg6
hxg6 22. Qg2 Qd6 23. Bxe5 fxe5 24. Ne4 Qd7 25. d6 Qxa4 26. Kb1 exd6 27. Rxd6
Rad8 28. Rxg6 Qd7 29. Bxc4+ Nxc4 30. Rg1 Rf7 31. Nf6+ Kf8 32. Nxd7+ Rdxd7 33.
Qg3 Nd2+ 34. Kc1 Nc4 35. Qh4 Rd4 36. Qg5 Rdd7 37. h4 b6 38. h5 e4 39. c3 Ne5
40. h6 Nxg6 41. hxg7+ Rxg7 42. Qf6+ 1-0

[Event "Chess House GM 2018"]
[Site "Aarhus"]
[Date "2018.09.12"]
[Round "5"]
[White "Antonsen, Mikkel"]
[Black "Kotronias, Vasilios"]
[Result "1/2-1/2"]
[WhiteElo "2434"]
[BlackElo "2505"]
[PlyCount "122"]
[EventType "tourn"]
[EventRounds "9"]
[EventCountry "DEN"]

1. d4 Nf6 2. c4 g6 3. Nc3 Bg7 4. e4 d6 5. h3 O-O 6. Be3 c5 7. Nf3 cxd4 8. Nxd4
b6 9. Qd2 Bb7 10. f3 Nh5 11. O-O-O Ng3 12. Rg1 Nd7 13. Bh6 Bxh6 14. Qxh6 Rc8
15. Bd3 Ne5 16. Kb1 e6 17. h4 Nxd3 18. Rxd3 Rxc4 19. h5 Qh4 20. Qe3 Qxh5 21.
Ndb5 Ba6 22. Nxd6 Rxc3 23. Rxc3 Ne2 24. Rd1 Nxc3+ 25. Qxc3 Qc5 26. Qxc5 bxc5
27. e5 Rd8 28. Kc2 h5 29. f4 Kf8 30. g3 Be2 31. Rd2 Bf3 32. Kc3 Bd5 33. Ne4 Ke7
34. Nxc5 g5 35. Nd3 Rg8 36. Rh2 h4 37. g4 gxf4 38. Rxh4 f3 39. b3 Rd8 40. g5
Rg8 41. Rg4 Rh8 42. g6 fxg6 43. Rxg6 Rh4 44. Rg7+ Ke8 45. Rg1 Rh2 46. a4 a5 47.
Rf1 Kd7 48. Rf2 Rh4 49. Rc2 Kc6 50. Rb2 Be4 51. Nf2 Bd5 52. Nd3 Re4 53. b4 Rc4+
54. Kd2 Be4 55. bxa5 Rxa4 56. Rb6+ Kc7 57. Rxe6 Rd4 58. Ke3 Bxd3 59. Kxd4 f2
60. Rf6 f1=Q 61. Rxf1 Bxf1 1/2-1/2

[Event "Chess House GM 2018"]
[Site "Aarhus"]
[Date "2018.09.12"]
[Round "5"]
[White "Chatalbashev, Boris"]
[Black "Grove, Peter"]
[Result "1-0"]
[WhiteElo "2546"]
[BlackElo "2206"]
[PlyCount "45"]
[EventType "tourn"]
[EventRounds "9"]
[EventCountry "DEN"]

1. d4 Nf6 2. Nf3 c5 3. d5 b5 4. Bg5 Ne4 5. Bh4 Qa5+ 6. Nbd2 g6 7. c3 Nxd2 8.
Qxd2 Bg7 9. e4 b4 10. cxb4 Qxb4 11. Qxb4 cxb4 12. Rc1 O-O 13. Bxe7 Re8 14. Bxb4
Bxb2 15. Rc2 Rxe4+ 16. Kd1 Rxb4 17. Rxc8+ Kg7 18. Bc4 a5 19. Re1 Ra7 20. g4 h6
21. Ree8 Nc6 22. Nd2 Ne5 23. Rg8+ 1-0

[Event "Chess House GM 2018"]
[Site "Aarhus"]
[Date "2018.09.12"]
[Round "5"]
[White "Matthiesen, Martin"]
[Black "Gritsak, Orest"]
[Result "1/2-1/2"]
[WhiteElo "2275"]
[BlackElo "2450"]
[PlyCount "55"]
[EventType "tourn"]
[EventRounds "9"]
[EventCountry "DEN"]

1. d4 e6 2. c4 Bb4+ 3. Bd2 Bxd2+ 4. Qxd2 Nf6 5. g3 O-O 6. Bg2 d5 7. Nf3 c6 8.
O-O Nbd7 9. Rc1 Qe7 10. Qe3 Re8 11. Nbd2 e5 12. dxe5 Nxe5 13. Nxe5 Qxe5 14.
Qxe5 Rxe5 15. cxd5 Nxd5 16. e3 Nb6 17. Nb3 Kf8 18. Nc5 Nd7 19. Nd3 Rb5 20. Rc3
a5 21. Rd1 a4 22. Rd2 Ke7 23. f4 Raa5 24. Rdc2 Nf6 25. Nc5 Nd7 26. Nd3 Nf6 27.
Nc5 Nd7 28. Nd3 1/2-1/2

[Event "Chess House GM 2018"]
[Site "Aarhus"]
[Date "2018.09.12"]
[Round "5"]
[White "Boe Olsen, Filip"]
[Black "Zumsande, Martin"]
[Result "0-1"]
[WhiteElo "2354"]
[BlackElo "2458"]
[PlyCount "140"]
[EventType "tourn"]
[EventRounds "9"]
[EventCountry "DEN"]

1. d4 d5 2. c4 c6 3. Nf3 Nf6 4. Qc2 dxc4 5. e4 b5 6. b3 cxb3 7. axb3 e6 8. Bd2
a5 9. Bd3 Be7 10. O-O Bb7 11. Rc1 Nbd7 12. Nc3 b4 13. Na4 h6 14. Bf4 O-O 15.
Qe2 Re8 16. Ra2 Bf8 17. h3 g6 18. Rd2 Qe7 19. Ra2 Qd8 20. Rd2 Qe7 21. Qe3 Kh7
22. Nc5 Nxc5 23. dxc5 Red8 24. Bd6 Qe8 25. Bc4 Bg7 26. Rcd1 a4 27. bxa4 Rxa4
28. Bc7 Rxd2 29. Nxd2 Qa8 30. Nb3 Ba6 31. Qe2 Bxc4 32. Qxc4 Qa6 33. Qxa6 Rxa6
34. f3 Ra3 35. Rb1 Nd7 36. Kf1 Bc3 37. Ke2 Ra2+ 38. Kf1 Ne5 39. Na5 Nd3 40.
Nxc6 Rf2+ 41. Kg1 Rc2 42. Ba5 Nf4 43. Bxb4 Rxg2+ 44. Kh1 Rc2 45. Bxc3 Rxc3 46.
Nd8 Rxc5 47. Rb7 g5 48. Rxf7+ Kg6 49. Rxf4 Rc1+ 50. Kg2 Rc2+ 51. Kf1 gxf4 52.
Nxe6 Kh5 53. Nxf4+ Kh4 54. e5 Kg5 55. Ne6+ Kg6 56. f4 Rc4 57. Ke2 Kf5 58. Kd3
Rc8 59. Nd4+ Kxf4 60. e6 Re8 61. Ne2+ Ke5 62. Nd4 Kf6 63. Ke4 h5 64. h4 Rg8 65.
Kd5 Rg4 66. Nc6 Rxh4 67. Kd6 Re4 68. e7 h4 69. Kd7 h3 70. Nb4 Rxe7+ 0-1

[Event "Chess House GM 2018"]
[Site "Aarhus"]
[Date "2018.09.12"]
[Round "5"]
[White "Skytte, Rasmus"]
[Black "Pajeken, Jakob Leon"]
[Result "1-0"]
[WhiteElo "2372"]
[BlackElo "2337"]
[PlyCount "185"]
[EventType "tourn"]
[EventRounds "9"]
[EventCountry "DEN"]

1. Nf3 d5 2. c4 e6 3. g3 g6 4. Bg2 Bg7 5. O-O Ne7 6. d4 O-O 7. Nc3 Nbc6 8. e3
b6 9. cxd5 exd5 10. a3 a5 11. b3 Ba6 12. Re1 Qd6 13. Bb2 Rad8 14. Qc2 b5 15. e4
b4 16. Nxd5 Nxd5 17. exd5 Qxd5 18. Rac1 bxa3 19. Bxa3 Nb4 20. Bxb4 axb4 21. Ne5
Qd6 22. Qxc7 Qxc7 23. Rxc7 Rxd4 24. Nc6 Rd2 25. Nxb4 Bd4 26. Kh1 Bxf2 27. Rec1
Be2 28. Nd5 Rd8 29. R7c2 Rxc2 30. Rxc2 Bd1 31. Rxf2 Bxb3 32. Nf6+ Kg7 33. h3
Be6 34. Kh2 h6 35. g4 Rb8 36. Bd5 Bxd5 37. Nxd5 Rb5 38. Nf6 Rb6 39. Ne4 Re6 40.
Ng3 Re5 41. Kg2 Ra5 42. Re2 Kf6 43. Rf2+ Kg7 44. Ne4 Re5 45. Nd6 Re7 46. h4 Rd7
47. Ne8+ Kf8 48. Nf6 Ra7 49. Re2 Ra5 50. Kg3 Kg7 51. Ne8+ Kf8 52. Nd6 Rd5 53.
Re8+ Kg7 54. Rd8 Ra5 55. Rd7 Ra3+ 56. Kf4 Ra4+ 57. Ne4 Ra5 58. g5 Rf5+ 59. Ke3
hxg5 60. hxg5 Rf1 61. Rd8 Rf5 62. Ra8 Rf1 63. Nd6 Rg1 64. Ne4 Rf1 65. Kd4 Rf5
66. Rb8 Ra5 67. Rc8 Rf5 68. Rd8 Ra5 69. Rd5 Ra7 70. Nf6 Ra1 71. Ke5 Ra6 72. Rc5
Re6+ 73. Kd5 Ra6 74. Ne8+ Kf8 75. Nd6 Ra1 76. Rc8+ Ke7 77. Rc7+ Kd8 78. Rxf7
Ra5+ 79. Ke6 Re5+ 80. Kf6 Re6+ 81. Kg7 Rxd6 82. Rf8+ Ke7 83. Rf6 Rd5 84. Kxg6
Ke8 85. Kh6 Ke7 86. Rf2 Rd8 87. g6 Rh8+ 88. Kg7 Rh1 89. Re2+ Kd7 90. Kg8 Rg1
91. g7 Rg4 92. Rh2 Ke7 93. Kh8 1-0

[Event "Chess House GM 2018"]
[Site "Aarhus"]
[Date "2018.09.13"]
[Round "6"]
[White "Antonsen, Mikkel"]
[Black "Skytte, Rasmus"]
[Result "1/2-1/2"]
[WhiteElo "2434"]
[BlackElo "2372"]
[PlyCount "73"]
[EventType "tourn"]
[EventRounds "9"]
[EventCountry "DEN"]

1. d4 d5 2. Nf3 Nf6 3. c4 e6 4. g3 g6 5. Bg2 Bg7 6. O-O O-O 7. Nbd2 b6 8. b3
Bb7 9. Bb2 Nbd7 10. Rc1 c5 11. dxc5 Nxc5 12. b4 Nce4 13. Nxe4 Nxe4 14. Bxg7
Kxg7 15. Nd2 Nf6 16. Qc2 Qe7 17. Qb2 Kg8 18. Rc2 Rfd8 19. cxd5 Nxd5 20. Rfc1
Rac8 21. Rxc8 Rxc8 22. Rxc8+ Bxc8 23. a3 Qf6 24. Qxf6 Nxf6 25. f4 Kf8 26. Bf3
h5 27. Kf2 Ke7 28. Ke3 Bd7 29. Kd4 Bb5 30. e4 Ne8 31. e5 Nc7 32. Bb7 Ba4 33.
Nb1 Kd7 34. Nc3 Nb5+ 35. Nxb5 Bxb5 36. Bf3 Ke7 37. Be4 1/2-1/2

[Event "Chess House GM 2018"]
[Site "Aarhus"]
[Date "2018.09.13"]
[Round "6"]
[White "Gritsak, Orest"]
[Black "Chatalbashev, Boris"]
[Result "1/2-1/2"]
[WhiteElo "2450"]
[BlackElo "2546"]
[PlyCount "98"]
[EventType "tourn"]
[EventRounds "9"]
[EventCountry "DEN"]

1. Nf3 d5 2. d4 Bf5 3. c4 e6 4. Nc3 Nf6 5. Bg5 c6 6. e3 Nbd7 7. Bd3 Qb6 8. Rb1
Bxd3 9. Qxd3 Qa6 10. Nd2 c5 11. Bxf6 Nxf6 12. dxc5 Bxc5 13. Qe2 dxc4 14. Qxc4
Qxc4 15. Nxc4 Bb4 16. Ke2 Rc8 17. Nd2 Ke7 18. Rhc1 Rhd8 19. Nce4 Nxe4 20. Nxe4
f5 21. a3 Rxc1 22. Rxc1 Bxa3 23. bxa3 fxe4 24. Rc4 Rd3 25. a4 Rb3 26. Rxe4 Rb2+
27. Kf3 a5 28. Rh4 h6 29. Rg4 g5 30. h3 b6 31. h4 Kf6 32. hxg5+ hxg5 33. Rc4
Ke5 34. Rg4 Kf5 35. Rc4 Rb3 36. Ke2 Rb2+ 37. Kf3 Kg6 38. Re4 Kf6 39. Rg4 e5 40.
Rc4 Ke6 41. Rg4 Kf5 42. Rc4 Ke6 43. Rg4 b5 44. axb5 Rxb5 45. Ke2 Rb2+ 46. Ke1
Kd5 47. Ra4 Rb5 48. Kd2 e4 49. f3 Rb2+ 1/2-1/2

[Event "Chess House GM 2018"]
[Site "Aarhus"]
[Date "2018.09.13"]
[Round "6"]
[White "Kotronias, Vasilios"]
[Black "Zumsande, Martin"]
[Result "0-1"]
[WhiteElo "2505"]
[BlackElo "2458"]
[PlyCount "100"]
[EventType "tourn"]
[EventRounds "9"]
[EventCountry "DEN"]

1. e4 e6 2. d4 d5 3. Nd2 Be7 4. Ngf3 Nf6 5. e5 Nfd7 6. Bd3 c5 7. c3 Nc6 8. O-O
a5 9. a4 cxd4 10. cxd4 Nb4 11. Bb1 b6 12. Re1 Ba6 13. Nf1 Rc8 14. Ra3 Rc6 15.
Rae3 Qc7 16. Bd2 b5 17. h4 Nb6 18. Ng5 Bxg5 19. hxg5 bxa4 20. Nh2 Nc4 21. Rh3
Nxb2 22. Qg4 g6 23. Qf4 Nc2 24. Bxc2 Rxc2 25. Rb1 Be2 26. Bc1 Nd3 27. Rxd3 Bxd3
28. Ng4 Rc3 29. Nf6+ Ke7 30. Nxd5+ exd5 31. Qf6+ Kd7 32. e6+ fxe6 33. Bf4 Qxf4
34. Qxf4 Bxb1 35. Qf7+ Kd6 36. Qf4+ Kc6 37. Qf6 Rc8 38. Qxe6+ Kb7 39. Qxd5+ Kb6
40. Qd6+ R3c6 41. Qa3 Be4 42. Qxa4 Bd5 43. Kh2 R8c7 44. Qa3 Ka6 45. f3 Rd7 46.
Qd3+ Bc4 47. Qe4 Rcd6 48. f4 a4 49. Qa8+ Kb5 50. Qb8+ Ka5 0-1

[Event "Chess House GM 2018"]
[Site "Aarhus"]
[Date "2018.09.13"]
[Round "6"]
[White "Pajeken, Jakob Leon"]
[Black "Matthiesen, Martin"]
[Result "0-1"]
[WhiteElo "2337"]
[BlackElo "2275"]
[PlyCount "58"]
[EventType "tourn"]
[EventRounds "9"]
[EventCountry "DEN"]

1. d4 Nf6 2. Nc3 d5 3. Bf4 g6 4. Qd2 Bg7 5. O-O-O O-O 6. e3 c6 7. h4 Nbd7 8.
Be2 b5 9. h5 b4 10. Nb1 Ne4 11. Qe1 e5 12. dxe5 Nxe5 13. f3 Qf6 14. fxe4 Nd3+
15. Bxd3 Qxb2+ 16. Kd2 dxe4 17. Bxe4 Ba6 18. Ne2 Rad8+ 19. Nd4 Rfe8 20. Qh4
Bxd4 21. Ke1 Bf6 22. Qg4 Bc8 23. Qe2 Rxe4 24. Rxd8+ Bxd8 25. Qd3 Re8 26. Kd2
Bf6 27. e4 Rd8 28. Bd6 Be5 29. hxg6 Rxd6 0-1

[Event "Chess House GM 2018"]
[Site "Aarhus"]
[Date "2018.09.14"]
[Round "7"]
[White "Chatalbashev, Boris"]
[Black "Pajeken, Jakob Leon"]
[Result "1-0"]
[WhiteElo "2546"]
[BlackElo "2337"]
[PlyCount "55"]
[EventType "tourn"]
[EventRounds "9"]
[EventCountry "DEN"]

1. c4 e6 2. d4 Nf6 3. Nc3 d5 4. cxd5 Nxd5 5. e4 Nxc3 6. bxc3 c5 7. Nf3 cxd4 8.
cxd4 Bb4+ 9. Bd2 Bxd2+ 10. Qxd2 O-O 11. Rc1 b6 12. Bd3 Bb7 13. O-O h6 14. Bb1
Qe7 15. d5 Rd8 16. Rfd1 exd5 17. exd5 Na6 18. d6 Qf6 19. Rc3 Nc5 20. Re3 Rac8
21. Ne5 Ne6 22. Qd3 g6 23. Ng4 Qg5 24. h3 Rc5 25. Rxe6 fxe6 26. f4 Qh4 27.
Qxg6+ Kf8 28. Nxh6 1-0

[Event "Chess House GM 2018"]
[Site "Aarhus"]
[Date "2018.09.14"]
[Round "7"]
[White "Matthiesen, Martin"]
[Black "Antonsen, Mikkel"]
[Result "1/2-1/2"]
[WhiteElo "2275"]
[BlackElo "2434"]
[PlyCount "82"]
[EventType "tourn"]
[EventRounds "9"]
[EventCountry "DEN"]

1. d4 d5 2. c4 e6 3. Nc3 Nf6 4. cxd5 exd5 5. Bg5 c6 6. e3 Bf5 7. Qf3 Be6 8.
Bxf6 Qxf6 9. Qxf6 gxf6 10. Bd3 h5 11. h4 Nd7 12. Nh3 Bd6 13. Ne2 O-O-O 14. Nhf4
Nb6 15. f3 Nc4 16. Bxc4 dxc4 17. a4 Bd7 18. Kf2 Kb8 19. Rhc1 b5 20. axb5 cxb5
21. Nd5 Bc6 22. Nxf6 Be7 23. Ne4 Bxh4+ 24. g3 Be7 25. Ra5 h4 26. g4 h3 27. N2g3
Rdf8 28. Rca1 Bh4 29. d5 Bb7 30. Rxb5 a6 31. Rb4 Ka7 32. Nc5 Bc8 33. Rxc4 f5
34. gxf5 Bxg3+ 35. Kxg3 Rxf5 36. Rh1 Rxd5 37. Ne4 Rg8+ 38. Kh4 Rh8+ 39. Kg3
Rg8+ 40. Kh4 Rh8+ 41. Kg3 Rg8+ 1/2-1/2